| 000 | 00872nam a2200265 a 4500 | ||
|---|---|---|---|
| 001 | 18438 | ||
| 003 | BD-RjUL | ||
| 005 | 20211209000302.0 | ||
| 008 | 140220s1962 enk 000 0 eng d | ||
| 035 | _aoxf98200595 | ||
| 035 |
_a(OCoLC)356387 _a(BD-RjUL) 18496 |
||
| 040 |
_aCDC _dOCL _dBD-RjUL _beng _cBD-RjUL |
||
| 041 | _aeng | ||
| 082 |
_a822.33 _bSHC 1962 |
||
| 100 | 1 |
_aShakespeare, William, _d1564-1616. _956822 |
|
| 245 | 1 | 4 | _aThe Comedy of Errors / |
| 260 |
_aCambridge : _bUniversity Press, _c1962. |
||
| 300 |
_axxx, 125 p. : _bfront ; _c18 cm. |
||
| 490 | 0 | _aThe works of Shakespeare, edited for the Syndics of the Cambridge University Press | |
| 500 | _aJacket series title: The new Shakespeare | ||
| 504 | _aBibliography included in "Notes": p. 87-115 | ||
| 650 |
_aShipwreck victims Drama _956823 |
||
| 942 |
_2ddc _cBK |
||
| 999 |
_c18438 _d18438 |
||